[Event "Titled Tuesday intern op 23rd Nov"]
[Site "Chess.com INT"]
[Date "2021.11.23"]
[Round "6"]
[White "Kotliar, Mark"]
[Black "Stojanovski, Sandi"]
[Result "0-1"]
[WhiteElo "2300"]
[BlackElo "2232"]
[PlyCount "106"]
[EventDate "2021.11.23"]
[EventType "swiss (blitz)"]
[EventRounds "11"]
[EventCountry "USA"]
[SourceTitle "CBM 205 Extra"]
[Source "ChessBase"]
[SourceDate "2022.01.31"]
[SourceVersion "1"]
[SourceVersionDate "2022.01.31"]
[SourceQuality "1"]

1. e4 c5 2. Nc3 Nc6 3. Bc4 e6 4. d3 Nge7 5. Nge2 d5 6. exd5 Nxd5 7. 0-0 Be7 8. Bb3 0-0 9. Re1 b6 10. Bxd5 exd5 11. Nf4 d4 12. Ne4 Nb4 13. Bd2 Bb7 14. Ng3 Bd6 15. a3 Nd5 16. Nxd5 Bxd5 17. Nf5 Be6 18. Nxd6 Qxd6 19. Qf3 Bd5 20. Bf4 Qc6 21. Qg3 Rfe8 22. h3 Re6 23. Re5 Rxe5 24. Bxe5 f6 25. Bf4 Re8 26. Bh6 Qd7 27. Rd1 Kh8 28. Bf4 Kg8 29. Kh2 Re2 30. Rd2 Rxd2 31. Bxd2 Qe8 32. Bf4 Kh8 33. Bb8 a6 34. Bd6 h6 35. c3 dxc3 36. bxc3 Qe6 37. d4 cxd4 38. cxd4 Kh7 39. Bf8 Qf7 40. Qd6 b5 41. Be7 Bc4 42. Qc5 Qd5 43. Qxd5 Bxd5 44. g4 Kg6 45. Kg3 Kf7 46. Bc5 Ke6 47. Kf4 a5 48. Bb6 b4 49. Bxa5 bxa3 50. Bc3 a2 51. Ke3 g5 52. f4 Kd6 53. fxg5 hxg5 0-1

[Event "Titled Tuesday intern op 23rd Nov"]
[Site "Chess.com INT"]
[Date "2021.11.23"]
[Round "5"]
[White "Llorens Sepulveda, Marcelo"]
[Black "Kotliar, Mark"]
[Result "1-0"]
[WhiteElo "2257"]
[BlackElo "2300"]
[PlyCount "87"]
[EventDate "2021.11.23"]
[EventType "swiss (blitz)"]
[EventRounds "11"]
[EventCountry "USA"]
[SourceTitle "CBM 205 Extra"]
[Source "ChessBase"]
[SourceDate "2022.01.31"]
[SourceVersion "1"]
[SourceVersionDate "2022.01.31"]
[SourceQuality "1"]

1. e4 e5 2. Nf3 Nc6 3. Bc4 Be7 4. 0-0 Nf6 5. d4 d6 6. Re1 0-0 7. h3 h6 8. c3 Nh7 9. a4 Bg5 10. Nbd2 Bxd2 11. Bxd2 Qf6 12. dxe5 dxe5 13. Nh2 Rd8 14. Qe2 Qg6 15. Kh1 Be6 16. Bxe6 Qxe6 17. Be3 Nf6 18. Qf3 Ne7 19. a5 a6 20. Rad1 Ng6 21. Nf1 Kh7 22. Ng3 Nh4 23. Qe2 Qb3 24. Nh5 Nxh5 25. Qxh5 Ng6 26. Qe2 Qb5 27. Qxb5 axb5 28. b4 Nf8 29. Kg1 Ne6 30. Kf1 Rxd1 31. Rxd1 Rd8 32. Rd5 Rxd5 33. exd5 Nf8 34. Ke2 f5 35. Kd3 Ng6 36. c4 bxc4+ 37. Kxc4 Ne7 38. b5 Nc8 39. a6 bxa6 40. bxa6 f4 41. Bc5 Kg6 42. a7 Nxa7 43. Bxa7 Kf5 44. Bb8 1-0

[Event "Titled Tuesday intern op 23rd Nov"]
[Site "Chess.com INT"]
[Date "2021.11.23"]
[Round "1"]
[White "Zhigalko, Sergei"]
[Black "Kotliar, Mark"]
[Result "1-0"]
[WhiteElo "2572"]
[BlackElo "2300"]
[PlyCount "41"]
[EventDate "2021.11.23"]
[EventType "swiss (blitz)"]
[EventRounds "11"]
[EventCountry "USA"]
[SourceTitle "CBM 205 Extra"]
[Source "ChessBase"]
[SourceDate "2022.01.31"]
[SourceVersion "1"]
[SourceVersionDate "2022.01.31"]
[SourceQuality "1"]

1. e4 e5 2. Nf3 Nc6 3. Bc4 Be7 4. d4 d6 5. Nc3 Nf6 6. 0-0 0-0 7. h3 h6 8. Re1 Nh7 9. Nd5 Bf6 10. c3 Re8 11. a4 Nf8 12. a5 a6 13. Be3 Bd7 14. Qb3 Rb8 15. dxe5 Nxe5 16. Nxe5 Bxe5 17. Ba7 Ra8 18. Qxb7 Ne6 19. Rad1 Qg5 20. Be3 Qg6 21. Qxa8 1-0

[Event "Titled Tuesday intern op 22nd Dec"]
[Site "Chess.com INT"]
[Date "2020.12.22"]
[Round "6"]
[White "Kotliar, Mark"]
[Black "Kim, Sergey2"]
[Result "1-0"]
[WhiteElo "2300"]
[BlackElo "2295"]
[PlyCount "65"]
[EventDate "2020.12.22"]
[EventType "swiss (blitz)"]
[EventRounds "11"]
[EventCountry "USA"]
[SourceTitle "CBM 199 Extra"]
[Source "ChessBase"]
[SourceDate "2021.01.31"]
[SourceVersion "1"]
[SourceVersionDate "2021.01.31"]
[SourceQuality "1"]

1. e4 e5 2. Nc3 Nf6 3. f4 d5 4. fxe5 Nxe4 5. Qf3 Nxc3 6. bxc3 c5 7. d4 Nc6 8. Ne2 Be6 9. g3 Be7 10. Be3 cxd4 11. cxd4 Qa5+ 12. c3 0-0-0 13. Bd2 g5 14. Bg2 h5 15. 0-0 h4 16. Rfd1 Qa6 17. Bf1 hxg3 18. hxg3 Qa3 19. Bg2 Rdf8 20. Qe3 f6 21. exf6 Rxf6 22. c4 Qd6 23. Nc3 Bg4 24. Re1 Re6 25. Qd3 Rxe1+ 26. Rxe1 Bf6 27. Nxd5 Bxd4+ 28. Be3 Qc5 29. Bxd4 Nxd4 30. Qe3 Rd8 31. Be4 Kb8 32. Nf6 Bc8 33. Bd5 1-0

[Event "USA-ch Online Swiss 2400+"]
[Site "Chess.com INT"]
[Date "2020.11.29"]
[Round "10"]
[White "Kotliar, Mark"]
[Black "Holt, Conrad"]
[Result "0-1"]
[WhiteElo "2300"]
[BlackElo "2549"]
[PlyCount "54"]
[EventDate "2020.11.29"]
[EventType "swiss (blitz)"]
[EventRounds "12"]
[EventCountry "USA"]
[SourceTitle "CBM 199 Extra"]
[Source "ChessBase"]
[SourceDate "2021.01.31"]
[SourceVersion "1"]
[SourceVersionDate "2021.01.31"]
[SourceQuality "1"]

1. e4 e6 2. d4 d5 3. Nd2 c5 4. dxc5 Nf6 5. Bd3 dxe4 6. Nxe4 Nxe4 7. Bxe4 Qxd1+ 8. Kxd1 Bxc5 9. Ke2 Nd7 10. Be3 Bxe3 11. Kxe3 Nf6 12. Bf3 Bd7 13. b3 0-0-0 14. Ne2 e5 15. Nc3 Bf5 16. Rac1 h5 17. h3 a6 18. Rhd1 Rxd1 19. Rxd1 Bxc2 20. Rc1 Bg6 21. Nb5+ Kb8 22. Nd6 e4 23. Be2 Rd8 24. Rd1 Kc7 25. Nc4 Nd5+ 26. Kd4 Nf4+ 27. Ke3 Nxg2# 0-1

[Event "USA-ch Online Swiss 2400+"]
[Site "Chess.com INT"]
[Date "2020.11.29"]
[Round "6"]
[White "Kotliar, Mark"]
[Black "Singh, Hersh"]
[Result "0-1"]
[WhiteElo "2300"]
[BlackElo "2112"]
[PlyCount "38"]
[EventDate "2020.11.29"]
[EventType "swiss (blitz)"]
[EventRounds "12"]
[EventCountry "USA"]
[SourceTitle "CBM 199 Extra"]
[Source "ChessBase"]
[SourceDate "2021.01.31"]
[SourceVersion "1"]
[SourceVersionDate "2021.01.31"]
[SourceQuality "1"]

1. e4 e5 2. Nc3 Nf6 3. f4 d5 4. fxe5 Nxe4 5. Qf3 Nxc3 6. bxc3 c5 7. d4 Nc6 8. Be3 Qa5 9. Bd2 Qb6 10. Ne2 a6 11. Qxd5 Be6 12. Qe4 Rd8 13. Nf4 cxd4 14. Nxe6 fxe6 15. Bc4 dxc3 16. Be3 Bc5 17. Bxc5 Qxc5 18. Bxe6 Rd4 19. Qe2 Rd2 0-1

[Event "USA-ch Online Swiss 2400+"]
[Site "Chess.com INT"]
[Date "2020.11.29"]
[Round "11"]
[White "Shabalov, Alexander"]
[Black "Kotliar, Mark"]
[Result "1-0"]
[WhiteElo "2528"]
[BlackElo "2300"]
[PlyCount "63"]
[EventDate "2020.11.29"]
[EventType "swiss (blitz)"]
[EventRounds "12"]
[EventCountry "USA"]
[SourceTitle "CBM 199 Extra"]
[Source "ChessBase"]
[SourceDate "2021.01.31"]
[SourceVersion "1"]
[SourceVersionDate "2021.01.31"]
[SourceQuality "1"]

1. e4 e5 2. d4 exd4 3. Qxd4 Nc6 4. Qc4 Nf6 5. Nc3 Nb4 6. Qe2 d6 7. Bg5 Be7 8. 0-0-0 Nc6 9. f4 h6 10. Bh4 Bg4 11. Nf3 Nh5 12. Bxe7 Qxe7 13. Nd5 Qd7 14. Qe3 0-0 15. h3 Be6 16. Bb5 a6 17. Ba4 b5 18. Bb3 Na5 19. g4 Nxb3+ 20. axb3 Bxd5 21. gxh5 Bb7 22. Rhg1 f6 23. f5 Kh8 24. Nh4 Rfe8 25. e5 fxe5 26. f6 Rg8 27. fxg7+ Rxg7 28. Qxh6+ Kg8 29. Nf5 Rxg1 30. Rxg1+ Kf7 31. Qg6+ Kf8 32. Qg8# 1-0

[Event "Titled Tuesday intern op 03rd Nov"]
[Site "Chess.com INT"]
[Date "2020.11.03"]
[Round "1"]
[White "Kotliar, Mark"]
[Black "Laurusas, Tomas"]
[Result "1-0"]
[WhiteElo "2300"]
[BlackElo "2506"]
[PlyCount "55"]
[EventDate "2020.11.03"]
[EventType "swiss (blitz)"]
[EventRounds "11"]
[EventCountry "USA"]
[SourceTitle "CBM 199 Extra"]
[Source "ChessBase"]
[SourceDate "2021.01.31"]
[SourceVersion "1"]
[SourceVersionDate "2021.01.31"]
[SourceQuality "1"]

1. e4 c5 2. Nc3 d6 3. Bc4 a6 4. a4 g6 5. f4 Bg7 6. f5 Nc6 7. d3 Nf6 8. Nf3 gxf5 9. 0-0 fxe4 10. dxe4 Bg4 11. Qe1 Bxf3 12. Rxf3 Ne5 13. Rg3 Nh5 14. Rg5 Nxc4 15. Rxh5 Qd7 16. Qe2 Bxc3 17. Qxc4 Bd4+ 18. Kh1 Qg4 19. Rf5 e6 20. Rf4 Qh5 21. Rf3 0-0-0 22. Bf4 Qg6 23. c3 Bf6 24. b4 Be7 25. Raf1 Rhf8 26. Qe2 cxb4 27. cxb4 Qh5 28. Rc3+ 1-0

[Event "Titled Tuesday intern op 03rd Nov"]
[Site "Chess.com INT"]
[Date "2020.11.03"]
[Round "2"]
[White "Nasuta, Grzegorz"]
[Black "Kotliar, Mark"]
[Result "1-0"]
[WhiteElo "2535"]
[BlackElo "2300"]
[PlyCount "67"]
[EventDate "2020.11.03"]
[EventType "swiss (blitz)"]
[EventRounds "11"]
[EventCountry "USA"]
[SourceTitle "CBM 199 Extra"]
[Source "ChessBase"]
[SourceDate "2021.01.31"]
[SourceVersion "1"]
[SourceVersionDate "2021.01.31"]
[SourceQuality "1"]

1. e4 e5 2. Nf3 Nc6 3. Bc4 Be7 4. 0-0 Nf6 5. d3 d6 6. a4 0-0 7. a5 a6 8. Re1 h6 9. Nc3 Nh7 10. Nd5 Be6 11. c3 Qd7 12. b4 Nd8 13. h3 Kh8 14. d4 f6 15. Nh4 Bf7 16. Qg4 f5 17. Nxf5 Bg5 18. Nxh6 Qxg4 19. Nxf7+ Nxf7 20. hxg4 Bxc1 21. Raxc1 c6 22. Nb6 Rad8 23. Bxf7 Rxf7 24. dxe5 dxe5 25. Rcd1 Rdf8 26. f3 Ng5 27. Rd6 Re7 28. Red1 Ne6 29. Rd7 Rff7 30. Rxe7 Rxe7 31. Rd7 Rxd7 32. Nxd7 Nf4 33. Kf1 Ng6 34. Nc5 1-0

[Event "Titled Tuesday intern op 03rd Nov"]
[Site "Chess.com INT"]
[Date "2020.11.03"]
[Round "4"]
[White "Tanriverdi, Enes"]
[Black "Kotliar, Mark"]
[Result "1-0"]
[WhiteElo "2399"]
[BlackElo "2300"]
[PlyCount "87"]
[EventDate "2020.11.03"]
[EventType "swiss (blitz)"]
[EventRounds "11"]
[EventCountry "USA"]
[SourceTitle "CBM 199 Extra"]
[Source "ChessBase"]
[SourceDate "2021.01.31"]
[SourceVersion "1"]
[SourceVersionDate "2021.01.31"]
[SourceQuality "1"]

1. d4 Nf6 2. Nf3 g6 3. c4 Bg7 4. g3 0-0 5. Bg2 d6 6. 0-0 Na6 7. Nc3 c5 8. dxc5 Nxc5 9. Nd4 a6 10. Rb1 Rb8 11. h3 Bd7 12. a4 Qc8 13. Kh2 Ne6 14. Nxe6 Bxe6 15. b3 Ng4+ 16. hxg4 Bxc3 17. g5 Bg7 18. Be3 b5 19. cxb5 axb5 20. a5 b4 21. Bb6 Qa6 22. Qd3 Qxd3 23. exd3 Bc8 24. Rbc1 Ba6 25. Rfe1 e6 26. d4 Rfc8 27. Bc7 Rb5 28. Bf1 Bxd4 29. Bxb5 Bxb5 30. Bb6 Bc3 31. Re3 d5 32. Bd4 Ra8 33. Bxc3 bxc3 34. Rexc3 Kg7 35. b4 Bc4 36. Rxc4 dxc4 37. Rxc4 h6 38. gxh6+ Kxh6 39. Kg2 Kg5 40. f4+ Kf6 41. Kf3 Ke7 42. Rc7+ Ke8 43. Rb7 Rd8 44. a6 1-0

[Event "Titled Tuesday intern op 03rd Nov"]
[Site "Chess.com INT"]
[Date "2020.11.03"]
[Round "11"]
[White "Voiteanu, Christian Gabriel"]
[Black "Kotliar, Mark"]
[Result "1-0"]
[WhiteElo "2121"]
[BlackElo "2300"]
[PlyCount "85"]
[EventDate "2020.11.03"]
[EventType "swiss (blitz)"]
[EventRounds "11"]
[EventCountry "USA"]
[SourceTitle "CBM 199 Extra"]
[Source "ChessBase"]
[SourceDate "2021.01.31"]
[SourceVersion "1"]
[SourceVersionDate "2021.01.31"]
[SourceQuality "1"]

1. d4 Nf6 2. g3 g6 3. Bg2 Bg7 4. Nf3 0-0 5. 0-0 d6 6. c4 Na6 7. Nc3 c5 8. d5 Nc7 9. e4 Nd7 10. Re1 a6 11. Bf4 f6 12. h4 b5 13. Nd2 Rb8 14. Qe2 Rf7 15. h5 Nb6 16. hxg6 hxg6 17. a4 bxc4 18. Nxc4 Nxc4 19. Qxc4 Rxb2 20. Rab1 Rxb1 21. Rxb1 Bd7 22. Rb7 Qc8 23. Rb6 Rf8 24. a5 Nb5 25. Ne2 Qa8 26. Be3 Rb8 27. Nf4 Kh7 28. Qd3 Rxb6 29. axb6 Qb8 30. e5 Bf5 31. Be4 Bxe4 32. Qxe4 f5 33. Qg2 Bxe5 34. Qh3+ Kg7 35. Ne6+ Kg8 36. Qh6 Qxb6 37. Qxg6+ Kh8 38. Qh6+ Kg8 39. Qf8+ Kh7 40. Qxf5+ Kg8 41. Qg6+ Kh8 42. Bf4 Bf6 43. Nf8 1-0

[Event "Titled Tuesday intern op 20th Oct"]
[Site "Chess.com INT"]
[Date "2020.10.20"]
[Round "3"]
[White "Sadykov, Ramil"]
[Black "Kotliar, Mark"]
[Result "1-0"]
[WhiteElo "2345"]
[BlackElo "2300"]
[PlyCount "89"]
[EventDate "2020.10.20"]
[EventType "swiss (blitz)"]
[EventRounds "11"]
[EventCountry "USA"]
[SourceTitle "EXT 2022"]
[Source "ChessBase"]
[SourceDate "2021.10.06"]
[SourceVersion "1"]
[SourceVersionDate "2021.10.06"]
[SourceQuality "1"]

1. d4 Nf6 2. Nc3 d5 3. Bf4 g6 4. e3 Bg7 5. h4 h5 6. Nf3 0-0 7. Ng5 c5 8. Nb5 Qa5+ 9. c3 a6 10. Nc7 Ra7 11. Nb5 axb5 12. Bxb8 Ra8 13. Be5 c4 14. a3 Qd8 15. Be2 Ne8 16. Bxg7 Nxg7 17. Bf3 f6 18. Nh3 Be6 19. Nf4 Bf7 20. Qc2 f5 21. Nh3 Ne6 22. g3 Kg7 23. 0-0 Qd6 24. Bg2 Be8 25. Nf4 Nc7 26. Kh1 Bc6 27. Kg1 Ne8 28. Rae1 Nf6 29. f3 e5 30. dxe5 Qxe5 31. Qf2 Rfe8 32. Re2 b4 33. cxb4 c3 34. bxc3 Qxc3 35. Rfe1 Rxa3 36. Nh3 Qxb4 37. Ng5 Qc5 38. Rc2 Qb6 39. Kh2 f4 40. gxf4 Rexe3 41. Rce2 d4 42. Rxe3 dxe3 43. Qc2 Qb3 44. Qe2 Ra2 45. Qd1 1-0

[Event "Titled Tuesday intern op 06th Oct"]
[Site "Chess.com INT"]
[Date "2020.10.06"]
[Round "5"]
[White "Bartholomew, John"]
[Black "Kotliar, Mark"]
[Result "1-0"]
[WhiteElo "2446"]
[BlackElo "2300"]
[PlyCount "43"]
[EventDate "2020.10.06"]
[EventType "swiss (blitz)"]
[EventRounds "10"]
[EventCountry "USA"]
[SourceTitle "CBM 198 Extra"]
[Source "ChessBase"]
[SourceDate "2020.11.30"]
[SourceVersion "1"]
[SourceVersionDate "2020.11.30"]
[SourceQuality "1"]

1. e4 e5 2. Nf3 Nc6 3. Bb5 a6 4. Bxc6 dxc6 5. 0-0 f6 6. d4 exd4 7. Nxd4 Bd6 8. Be3 Qe7 9. Nd2 Bd7 10. Nc4 Qxe4 11. Bh6 Qg6 12. Nxd6+ cxd6 13. Bf4 d5 14. Re1+ Kf7 15. Qd2 c5 16. Ne6 Bxe6 17. Rxe6 Qf5 18. Rae1 g5 19. Bd6 Rc8 20. h3 h5 21. Qa5 Rc6 22. Qd8 1-0

[Event "Titled Tuesday intern op 06th Oct"]
[Site "Chess.com INT"]
[Date "2020.10.06"]
[Round "8"]
[White "Kotliar, Mark"]
[Black "Andrews, Todd D"]
[Result "1-0"]
[WhiteElo "2300"]
[BlackElo "2244"]
[PlyCount "79"]
[EventDate "2020.10.06"]
[EventType "swiss (blitz)"]
[EventRounds "10"]
[EventCountry "USA"]
[SourceTitle "CBM 198 Extra"]
[Source "ChessBase"]
[SourceDate "2020.11.30"]
[SourceVersion "1"]
[SourceVersionDate "2020.11.30"]
[SourceQuality "1"]

1. e4 c5 2. Nc3 d6 3. Bc4 e6 4. d3 Nf6 5. Nge2 Be7 6. 0-0 a6 7. a4 0-0 8. h3 d5 9. exd5 exd5 10. Bb3 Nc6 11. Bg5 Be6 12. Nf4 Nd4 13. Bxf6 Bxf6 14. Bxd5 Qd6 15. Nxe6 fxe6 16. Be4 g6 17. Ne2 Nf5 18. c3 Rad8 19. Qb3 Rf7 20. Rad1 Nh4 21. f4 Rdf8 22. a5 Bd8 23. Qa4 g5 24. d4 gxf4 25. dxc5 Qxc5+ 26. Qd4 Qg5 27. Kh1 f3 28. Qg1 fxe2 29. Rxf7 Rxf7 30. Re1 Qg3 31. Rxe2 Bc7 32. Re1 Rf2 33. Bxb7 Nf3 34. Bxf3 Rxf3 35. gxf3 Kf7 36. Qxg3 Bxg3 37. Re4 e5 38. Rc4 Kf6 39. Rc6+ Kf5 40. Rxa6 1-0

[Event "Titled Tuesday intern op 06th Oct"]
[Site "Chess.com INT"]
[Date "2020.10.06"]
[Round "4"]
[White "Kotliar, Mark"]
[Black "Fedoseev, Vladimir1"]
[Result "0-1"]
[WhiteElo "2300"]
[BlackElo "2674"]
[PlyCount "138"]
[EventDate "2020.10.06"]
[EventType "swiss (blitz)"]
[EventRounds "10"]
[EventCountry "USA"]
[SourceTitle "CBM 198 Extra"]
[Source "ChessBase"]
[SourceDate "2020.11.30"]
[SourceVersion "1"]
[SourceVersionDate "2020.11.30"]
[SourceQuality "1"]

1. e4 c6 2. d4 d5 3. f3 Qb6 4. c3 dxe4 5. fxe4 c5 6. Nf3 Nf6 7. Bd3 cxd4 8. cxd4 Nc6 9. Bc2 Bg4 10. d5 Nb4 11. Ba4+ Kd8 12. Nc3 Rc8 13. Qe2 e5 14. dxe6 fxe6 15. Be3 Bc5 16. Rd1+ Ke7 17. Bxc5+ Rxc5 18. Qf2 Bxf3 19. gxf3 Rd8 20. Rxd8 Kxd8 21. 0-0 Rg5+ 22. Kh1 Qxf2 23. Rxf2 a6 24. Rd2+ Ke7 25. a3 Nc6 26. Bxc6 bxc6 27. Ne2 c5 28. Nc3 Nd7 29. Na4 c4 30. Rc2 Ra5 31. Rxc4 Ne5 32. Rb4 Nxf3 33. Nc3 Rg5 34. Ne2 a5 35. Rb7+ Kd6 36. Ng3 h5 37. Kg2 Ne5 38. h4 Rg4 39. Rb6+ Ke7 40. Rb7+ Kf6 41. Ra7 Nc4 42. Rc7 Nxb2 43. e5+ Kg6 44. Ra7 a4 45. Kh3 Nd3 46. Rxg7+ Kxg7 47. Nxh5+ Kh6 48. Kxg4 Nxe5+ 49. Kf4 Nd3+ 50. Ke3 Nc5 51. Nf4 Kg7 52. Nd3 Nb3 53. Nc5 Nxc5 54. Kd4 Nb3+ 55. Kc3 e5 56. Kb4 e4 57. Kxa4 e3 58. Kxb3 e2 59. Kc2 e1Q 60. Kd3 Qa5 61. Kc4 Kh6 62. Kd4 Kh5 63. Ke4 Kxh4 64. Kd4 Kg5 65. Ke4 Kf6 66. Kd4 Ke6 67. Ke4 Kd6 68. Kd4 Qa4+ 69. Kd3 Kd5 0-1

[Event "Speed Chess Super Swiss"]
[Site "Chess.com INT"]
[Date "2020.10.03"]
[Round "11"]
[White "Kotliar, Mark"]
[Black "Sakorenko, Adriana"]
[Result "0-1"]
[WhiteElo "2300"]
[BlackElo "2216"]
[PlyCount "94"]
[EventDate "2020.10.03"]
[EventType "swiss (blitz)"]
[EventRounds "15"]
[EventCountry "USA"]
[SourceTitle "CBM 198 Extra"]
[Source "ChessBase"]
[SourceDate "2020.11.30"]
[SourceVersion "1"]
[SourceVersionDate "2020.11.30"]
[SourceQuality "1"]

1. e4 c6 2. d4 d5 3. f3 Qb6 4. c3 e5 5. Qb3 dxe4 6. fxe4 Nf6 7. Bd3 Bd6 8. Nf3 Nbd7 9. 0-0 Qc7 10. Bg5 h6 11. Bh4 0-0 12. Nbd2 Re8 13. Rae1 b5 14. Bg3 a5 15. a4 b4 16. Kh1 Rb8 17. Nxe5 Nxe5 18. dxe5 Bxe5 19. Bxe5 Qxe5 20. Nf3 Qh5 21. e5 Be6 22. Qc2 Nd5 23. c4 Nf4 24. Be4 Qg4 25. b3 c5 26. h3 Qh5 27. Qf2 Rbd8 28. Qxc5 Bxh3 29. Nh2 Rxe5 30. Qf2 Rxe4 31. gxh3 Rxe1 32. Qxe1 Nxh3 33. Qe7 Rf8 34. Qe3 Ng5 35. Qg3 Ne6 36. Qg4 Qc5 37. Qf5 Qxf5 38. Rxf5 Nd4 39. Rxa5 Nxb3 40. Rb5 Nd2 41. Rxb4 Ne4 42. a5 Ng3+ 43. Kg2 Ra8 44. Ra4 Nf5 45. a6 Ne3+ 46. Kf3 Nxc4 47. a7 Nb6 0-1

[Event "Speed Chess Super Swiss"]
[Site "Chess.com INT"]
[Date "2020.10.03"]
[Round "13"]
[White "Kotliar, Mark"]
[Black "Xie, Bryan"]
[Result "1-0"]
[WhiteElo "2300"]
[BlackElo "2050"]
[PlyCount "129"]
[EventDate "2020.10.03"]
[EventType "swiss (blitz)"]
[EventRounds "15"]
[EventCountry "USA"]
[SourceTitle "CBM 198 Extra"]
[Source "ChessBase"]
[SourceDate "2020.11.30"]
[SourceVersion "1"]
[SourceVersionDate "2020.11.30"]
[SourceQuality "1"]

1. e4 c5 2. Nc3 Nc6 3. Bc4 e6 4. d3 Nge7 5. Nge2 d5 6. exd5 exd5 7. Bb3 g6 8. Bg5 Be6 9. Bf6 Rg8 10. 0-0 Bg7 11. Bxg7 Rxg7 12. Qd2 Qd7 13. Nf4 0-0-0 14. Rfe1 Nd4 15. Nce2 Nxb3 16. axb3 a6 17. d4 c4 18. Nc3 Nc6 19. Na4 Kb8 20. Nc5 Qc8 21. Nfxe6 fxe6 22. Nxe6 Rf7 23. Nxd8 Qxd8 24. bxc4 dxc4 25. d5 Ne7 26. Rad1 Qd6 27. Qd4 Nf5 28. Qxc4 h5 29. b4 Nh6 30. Re8+ Ka7 31. Qc5+ Qxc5 32. bxc5 Ng4 33. d6 Rd7 34. Re7 Rd8 35. d7 Nf6 36. Rd6 Ng8 37. Re8 Rxd7 38. Rxd7 Nf6 39. Ree7 Nxd7 40. Rxd7 a5 41. Rd6 a4 42. Rxg6 a3 43. Rg3 a2 44. Ra3+ Kb8 45. Rxa2 Kc7 46. f4 Kc6 47. Rb2 Kxc5 48. Rxb7 Kd5 49. Rh7 Ke4 50. Rxh5 Kxf4 51. Rd5 Ke4 52. Rd1 Ke3 53. Kf1 Ke4 54. c4 Ke5 55. c5 Ke6 56. c6 Ke5 57. c7 Kf4 58. c8Q Ke3 59. Qc2 Kf4 60. Rd3 Ke5 61. Qc4 Kf5 62. Rd5+ Kg6 63. Qc6+ Kf7 64. Rd7+ Ke8 65. Qc8# 1-0

[Event "Titled Tuesday intern op 15th Sept"]
[Site "Chess.com INT"]
[Date "2020.09.15"]
[Round "5"]
[White "Kotliar, Mark"]
[Black "Grineva, Marianna"]
[Result "1-0"]
[WhiteElo "2300"]
[BlackElo "1989"]
[PlyCount "85"]
[EventDate "2020.09.15"]
[EventType "swiss (blitz)"]
[EventRounds "10"]
[EventCountry "USA"]
[SourceTitle "CBM 198 Extra"]
[Source "ChessBase"]
[SourceDate "2020.11.30"]
[SourceVersion "1"]
[SourceVersionDate "2020.11.30"]
[SourceQuality "1"]

1. e4 c5 2. Nc3 a6 3. a4 b6 4. Bc4 e6 5. d3 Bb7 6. Nge2 Ne7 7. Bg5 f6 8. Bh4 Ng6 9. Bg3 Nc6 10. 0-0 Be7 11. f4 0-0 12. f5 Nge5 13. Bb3 c4 14. dxc4 Bc5+ 15. Kh1 Qe7 16. fxe6 dxe6 17. Nd5 Qf7 18. Ndf4 Ng4 19. Qc1 Rad8 20. Nd3 e5 21. h3 Qh5 22. Nxc5 bxc5 23. Kg1 Nh6 24. Qe3 Nd4 25. Nc3 Qg6 26. Kh2 Nxb3 27. cxb3 Rd4 28. Rae1 Rfd8 29. Nd5 Qh5 30. Qe2 Qxe2 31. Rxe2 Nf7 32. Bf2 Rd3 33. Re3 Rxe3 34. Bxe3 Nd6 35. Bxc5 Nxe4 36. Bb6 Rd7 37. Re1 Nd6 38. Nc3 Nf5 39. Ne4 Kf7 40. Re2 Nd4 41. Nc5 Re7 42. Re3 Nc6 43. Nxb7 1-0

[Event "Titled Tuesday intern op 15th Sept"]
[Site "Chess.com INT"]
[Date "2020.09.15"]
[Round "9"]
[White "Kotliar, Mark"]
[Black "Krysa, Leandro Sergio"]
[Result "0-1"]
[WhiteElo "2300"]
[BlackElo "2531"]
[PlyCount "38"]
[EventDate "2020.09.15"]
[EventType "swiss (blitz)"]
[EventRounds "10"]
[EventCountry "USA"]
[SourceTitle "CBM 198 Extra"]
[Source "ChessBase"]
[SourceDate "2020.11.30"]
[SourceVersion "1"]
[SourceVersionDate "2020.11.30"]
[SourceQuality "1"]

1. e4 d6 2. d4 Nf6 3. Nc3 c6 4. a4 Nbd7 5. Nge2 e5 6. f3 Be7 7. g4 0-0 8. Be3 Re8 9. Ng3 exd4 10. Bxd4 Ne5 11. Be2 Ng6 12. Nf5 d5 13. exd5 Bxf5 14. gxf5 Nh4 15. Qd3 Ng2+ 16. Kf2 Nf4 17. Qd2 N6xd5 18. Rhd1 Bh4+ 19. Kg1 Qg5+ 0-1

[Event "Titled Tuesday intern op 08th Sept"]
[Site "Chess.com INT"]
[Date "2020.09.08"]
[Round "8"]
[White "Kotliar, Mark"]
[Black "Isha, Sharma"]
[Result "1/2-1/2"]
[WhiteElo "2300"]
[BlackElo "2276"]
[PlyCount "40"]
[EventDate "2020.09.08"]
[EventType "swiss (blitz)"]
[EventRounds "10"]
[EventCountry "USA"]
[SourceTitle "CBM 198 Extra"]
[Source "ChessBase"]
[SourceDate "2020.11.30"]
[SourceVersion "1"]
[SourceVersionDate "2020.11.30"]
[SourceQuality "1"]

1. e4 e6 2. d4 d5 3. Nd2 Nf6 4. Bd3 dxe4 5. Nxe4 Be7 6. Nf3 h6 7. Qe2 Nbd7 8. 0-0 0-0 9. c3 Nxe4 10. Qxe4 Nf6 11. Qe2 c5 12. dxc5 Bxc5 13. Rd1 Qc7 14. Ne5 Bxf2+ 15. Qxf2 Qxe5 16. Bf4 Qh5 17. Be2 Qf5 18. Bd3 Qh5 19. Be2 Qf5 20. Bd3 Qh5 1/2-1/2

[Event "Titled Tuesday intern op 16th June"]
[Site "Chess.com INT"]
[Date "2020.06.16"]
[Round "9"]
[White "Swati, Mohota"]
[Black "Kotliar, Mark"]
[Result "0-1"]
[WhiteElo "2027"]
[BlackElo "2300"]
[PlyCount "100"]
[EventDate "2020.06.16"]
[EventType "swiss (blitz)"]
[EventRounds "10"]
[EventCountry "USA"]
[SourceTitle "EXT 2021"]
[Source "ChessBase"]
[SourceDate "2020.10.23"]
[SourceVersion "1"]
[SourceVersionDate "2020.10.23"]
[SourceQuality "1"]

1. d4 Nf6 2. c4 e5 3. e3 exd4 4. exd4 d5 5. c5 b6 6. cxb6 axb6 7. Bb5+ c6 8. Qe2+ Be7 9. Bd3 0-0 10. Nf3 Bg4 11. h3 Bh5 12. g4 Bg6 13. 0-0 Nbd7 14. Ne5 Nxe5 15. dxe5 Ne4 16. Bxe4 Bxe4 17. Nc3 Bg6 18. f4 Bc5+ 19. Kh2 d4 20. Ne4 d3 21. Qe1 Bxe4 22. Qxe4 d2 23. Rd1 dxc1Q 24. Raxc1 Qc7 25. a3 Rad8 26. b4 Rxd1 27. Rxd1 Be7 28. Rc1 c5 29. Kg2 Rd8 30. Rc2 h6 31. f5 Qd7 32. bxc5 Bxc5 33. e6 fxe6 34. fxe6 Qd5 35. Re2 Qxe4+ 36. Rxe4 Kf8 37. Rf4+ Ke8 38. Rf7 Bd4 39. Rb7 Ra8 40. h4 Rxa3 41. Rd7 Bf6 42. Rb7 Rb3 43. g5 hxg5 44. hxg5 Be5 45. g6 b5 46. Kf2 b4 47. Rf7 Rb1 48. e7 b3 49. Ke2 b2 50. Kd3 Rd1+ 0-1